[Event "msr2018"]
[Site "?"]
[Date "2018.04.26"]
[Round "8.1"]
[White "Jakab, Bela"]
[Black "Durica, Adam"]
[Result "1-0"]
[BlackElo "1890"]
[WhiteElo "2258"]
[LiveChessVersion "1.4.8"]

1. e4 {[%clk 1:28:05]} d6 {[%clk 1:30:46]} 2. d4 {[%clk 1:28:25]} Nf6
{[%clk 1:31:07]} 3. Nc3 {[%clk 1:28:46]} c6 {[%clk 1:31:28]} 4. f4
{[%clk 1:29:11]} Qa5 {[%clk 1:31:47]} 5. Bd3 {[%clk 1:29:31]} e5 {[%clk 1:32:06]}
6. Nf3 {[%clk 1:29:51]} Bg4 {[%clk 1:32:23]} 7. Be3 {[%clk 1:30:05]} Nbd7
{[%clk 1:32:17]} 8. h3 {[%clk 1:28:03]} Bxf3 {[%clk 1:30:31]} 9. Qxf3
{[%clk 1:28:09]} Qb4 {[%clk 1:26:00]} 10. dxe5 {[%clk 1:25:04]} Qxb2
{[%clk 1:25:08]} 11. O-O {[%clk 1:25:17]} dxe5 {[%clk 1:24:35]} 12. Ne2
{[%clk 1:22:05]} Qa3 {[%clk 1:21:38]} 13. Rfb1 {[%clk 1:17:33]} b6
{[%clk 1:18:39]} 14. Rb3 {[%clk 1:00:11]} Qd6 {[%clk 1:07:07]} 15. Rd1
{[%clk 0:53:59]} Be7 {[%clk 0:56:47]} 16. Ng3 {[%clk 0:49:38]} g6
{[%clk 0:53:04]} 17. f5 {[%clk 0:48:26]} Qc7 {[%clk 0:51:56]} 18. fxg6
{[%clk 0:45:19]} hxg6 {[%clk 0:49:23]} 19. Bg5 {[%clk 0:45:07]} Nh5
{[%clk 0:43:27]} 20. Bxe7 {[%clk 0:38:06]} Kxe7 {[%clk 0:43:49]} 21. Nxh5
{[%clk 0:38:27]} Rxh5 {[%clk 0:44:11]} 22. Bc4 {[%clk 0:38:36]} Rf8
{[%clk 0:43:33]} 23. Rbd3 {[%clk 0:37:29]} Nc5 {[%clk 0:43:57]} 24. Rd6
{[%clk 0:36:51]} f6 {[%clk 0:44:20]} 25. Qg4 {[%clk 0:35:38]} Qxd6
{[%clk 0:43:44]} 26. Rxd6 {[%clk 0:36:03]} Kxd6 {[%clk 0:44:08]} 27. Qxg6
{[%clk 0:36:00]} Rg5 {[%clk 0:44:22]} 28. Qh6 {[%clk 0:35:43]} Nd7
{[%clk 0:43:55]} 29. a4 {[%clk 0:27:51]} Rb8 {[%clk 0:38:23]} 30. g4
{[%clk 0:26:50]} b5 {[%clk 0:37:56]} 31. axb5 {[%clk 0:27:14]} cxb5
{[%clk 0:38:15]} 32. Bd5 {[%clk 0:20:05]} a5 {[%clk 0:30:48]} 33. Qh7
{[%clk 0:16:20]} Rf8 {[%clk 0:31:10]} 34. Kf2 {[%clk 0:15:36]} b4
{[%clk 0:28:49]} 35. Kg3 {[%clk 0:15:11]} Rc8 {[%clk 0:29:11]} 36. Qf7
{[%clk 0:15:11]} Rc3+ {[%clk 0:29:20]} 37. Kh4 {[%clk 0:15:24]} Rxc2
{[%clk 0:28:52]} 38. Be6 {[%clk 0:14:32]} Nc5 {[%clk 0:29:08]} 39. Bc8
{[%clk 0:13:53]} b3 {[%clk 0:27:44]} 40. Qa7 {[%clk 0:07:46]} Rg7
{[%clk 0:17:43]} 41. Qb6+ {[%clk 0:04:50]} Ke7 {[%clk 0:18:03]} 42. Bf5
{[%clk 0:01:48]} b2 {[%clk 0:13:11]} 43. Kh5 {[%clk 0:21:04]} b1=Q
{[%clk 0:39:25]} 44. Qxb1 {[%clk 0:21:25]} Rg5+ {[%clk 0:39:24]} 45. Kh4
{[%clk 0:21:20]} Rc3 {[%clk 0:33:55]} 46. Qa1 {[%clk 0:21:22]} Rd3
{[%clk 0:32:07]} 47. Qxa5 {[%clk 0:21:21]} Nd7 {[%clk 0:32:12]} 48. Qa6
{[%clk 0:20:05]} Rd6 {[%clk 0:32:31]} 49. Qc8 {[%clk 0:20:05]} Nf8
{[%clk 0:32:07]} 50. Qc4 {[%clk 0:19:31]} Rd4 {[%clk 0:28:55]} 51. Qc5+
{[%clk 0:19:27]} Ke8 {[%clk 0:28:48]} 52. Qb5+ {[%clk 0:19:40]} Kf7
{[%clk 0:27:03]} 53. Kg3 {[%clk 0:19:44]} Kg8 {[%clk 0:25:36]} 54. Qa6
{[%clk 0:19:45]} Nd7 {[%clk 0:23:30]} 55. Bxd7 {[%clk 0:19:56]} 1-0

[Event "msr2018"]
[Site "?"]
[Date "2018.04.26"]
[Round "8.2"]
[White "Haring, Filip"]
[Black "Ferencak, Jakub"]
[Result "1-0"]
[BlackElo "1974"]
[WhiteElo "2339"]
[LiveChessVersion "1.4.8"]

1. e4 {[%clk 1:30:54]} e5 {[%clk 1:30:55]} 2. Nc3 {[%clk 1:30:05]} Nc6
{[%clk 1:29:37]} 3. g3 {[%clk 1:30:11]} Nf6 {[%clk 1:29:49]} 4. Bg2
{[%clk 1:30:31]} Bc5 {[%clk 1:29:21]} 5. Nge2 {[%clk 1:30:50]} d6
{[%clk 1:29:02]} 6. O-O {[%clk 1:30:55]} Bg4 {[%clk 1:25:25]} 7. h3
{[%clk 1:27:32]} Bh5 {[%clk 1:21:28]} 8. Kh2 {[%clk 1:22:34]} Nd4
{[%clk 1:12:08]} 9. f3 {[%clk 1:22:38]} Ne6 {[%clk 1:11:54]} 10. Na4
{[%clk 1:19:58]} Qd7 {[%clk 1:05:19]} 11. Nxc5 {[%clk 1:19:58]} Nxc5
{[%clk 1:05:41]} 12. d3 {[%clk 1:19:13]} Ne6 {[%clk 1:00:12]} 13. d4
{[%clk 1:12:39]} Bg6 {[%clk 0:51:10]} 14. d5 {[%clk 1:06:47]} Nc5
{[%clk 0:51:21]} 15. c4 {[%clk 1:02:43]} h6 {[%clk 0:48:09]} 16. Be3
{[%clk 1:02:11]} Nh7 {[%clk 0:44:15]} 17. b4 {[%clk 0:58:28]} Na6
{[%clk 0:43:58]} 18. f4 {[%clk 0:58:41]} f6 {[%clk 0:40:35]} 19. b5
{[%clk 0:56:40]} Nc5 {[%clk 0:37:50]} 20. Bxc5 {[%clk 0:56:41]} dxc5
{[%clk 0:38:14]} 21. h4 {[%clk 0:52:23]} Bh5 {[%clk 0:34:01]} 22. fxe5
{[%clk 0:49:15]} Qe7 {[%clk 0:31:44]} 23. d6 {[%clk 0:47:53]} cxd6
{[%clk 0:31:38]} 24. exd6 {[%clk 0:48:14]} Bxe2 {[%clk 0:31:13]} 25. Qxe2
{[%clk 0:48:23]} Qxd6 {[%clk 0:31:06]} 26. Qh5+ {[%clk 0:47:17]} Kf8
{[%clk 0:29:49]} 27. e5 {[%clk 0:46:49]} Qc7 {[%clk 0:28:59]} 28. Rae1
{[%clk 0:44:32]} Rd8 {[%clk 0:26:39]} 29. Bd5 {[%clk 0:43:56]} Rb8
{[%clk 0:22:15]} 30. Qg6 {[%clk 0:43:27]} Re8 {[%clk 0:21:24]} 31. exf6
{[%clk 0:43:32]} Rxe1 {[%clk 0:21:37]} 32. fxg7+ {[%clk 0:43:44]} 1-0

[Event "msr2018"]
[Site "?"]
[Date "2018.04.26"]
[Round "8.3"]
[White "Sahidi, Samir"]
[Black "Franko, Ondrej"]
[Result "1-0"]
[BlackElo "1968"]
[WhiteElo "2238"]
[LiveChessVersion "1.4.8"]

1. d4 {[%clk 1:30:58]} f5 {[%clk 1:30:50]} 2. Nf3 {[%clk 1:29:10]} Nf6
{[%clk 1:31:02]} 3. c4 {[%clk 1:28:58]} e6 {[%clk 1:31:15]} 4. g3
{[%clk 1:28:20]} d5 {[%clk 1:31:31]} 5. Bg2 {[%clk 1:28:17]} c6 {[%clk 1:31:47]}
6. O-O {[%clk 1:27:41]} Bd6 {[%clk 1:31:52]} 7. Nc3 {[%clk 1:25:29]} O-O
{[%clk 1:31:50]} 8. c5 {[%clk 1:23:29]} Bc7 {[%clk 1:31:54]} 9. Bg5
{[%clk 1:20:37]} h6 {[%clk 1:24:07]} 10. Bxf6 {[%clk 1:20:11]} Qxf6
{[%clk 1:24:20]} 11. b4 {[%clk 1:19:56]} Bd7 {[%clk 1:16:39]} 12. Rb1
{[%clk 1:18:56]} e5 {[%clk 1:05:26]} 13. dxe5 {[%clk 1:18:11]} Bxe5
{[%clk 1:03:20]} 14. Nxd5 {[%clk 1:17:40]} Qe6 {[%clk 0:54:23]} 15. Nxe5
{[%clk 1:17:00]} Qxe5 {[%clk 0:54:31]} 16. Nf4 {[%clk 1:17:02]} Re8
{[%clk 0:53:36]} 17. e3 {[%clk 1:15:42]} a5 {[%clk 0:50:39]} 18. a3
{[%clk 1:05:19]} axb4 {[%clk 0:48:19]} 19. axb4 {[%clk 1:04:14]} Be6
{[%clk 0:47:36]} 20. Nxe6 {[%clk 0:54:29]} Qxe6 {[%clk 0:44:25]} 21. b5
{[%clk 0:47:16]} Nd7 {[%clk 0:42:12]} 22. Qd6 {[%clk 0:42:25]} Ra5
{[%clk 0:39:48]} 23. bxc6 {[%clk 0:41:52]} bxc6 {[%clk 0:39:31]} 24. Bxc6
{[%clk 0:41:16]} Nxc5 {[%clk 0:39:34]} 25. Bd5 {[%clk 0:41:37]} 1-0

[Event "msr2018"]
[Site "?"]
[Date "2018.04.26"]
[Round "8.4"]
[White "Angelovic, Adrian"]
[Black "Bango, Lukas"]
[Result "0-1"]
[BlackElo "2127"]
[WhiteElo "1645"]
[LiveChessVersion "1.4.8"]

1. e4 {[%clk 1:30:58]} c5 {[%clk 1:30:52]} 2. Nc3 {[%clk 1:31:26]} d6
{[%clk 1:30:51]} 3. Nf3 {[%clk 1:30:58]} Nf6 {[%clk 1:31:16]} 4. Bb5+
{[%clk 1:30:45]} Nbd7 {[%clk 1:31:24]} 5. O-O {[%clk 1:30:45]} e6
{[%clk 1:31:49]} 6. d4 {[%clk 1:29:33]} cxd4 {[%clk 1:32:12]} 7. Nxd4
{[%clk 1:29:57]} Be7 {[%clk 1:32:29]} 8. Be3 {[%clk 1:29:08]} O-O
{[%clk 1:32:34]} 9. Nb3 {[%clk 1:28:27]} a6 {[%clk 1:31:50]} 10. Be2
{[%clk 1:28:26]} b5 {[%clk 1:31:24]} 11. Qd2 {[%clk 1:26:37]} Bb7
{[%clk 1:31:08]} 12. f3 {[%clk 1:26:51]} Qc7 {[%clk 1:30:15]} 13. Bd3
{[%clk 1:25:28]} Rac8 {[%clk 1:29:01]} 14. Bf2 {[%clk 1:21:58]} Rfd8
{[%clk 1:24:02]} 15. Rfe1 {[%clk 1:18:07]} d5 {[%clk 1:22:40]} 16. Bg3
{[%clk 1:17:53]} Bd6 {[%clk 1:22:33]} 17. Bxd6 {[%clk 1:17:25]} Qxd6
{[%clk 1:22:53]} 18. exd5 {[%clk 1:16:48]} Nxd5 {[%clk 1:20:36]} 19. Ne4
{[%clk 1:14:56]} Qc7 {[%clk 1:15:31]} 20. a4 {[%clk 1:11:25]} Bc6
{[%clk 1:11:53]} 21. a5 {[%clk 1:01:32]} Nf4 {[%clk 1:10:49]} 22. Nd4
{[%clk 0:55:30]} Bxe4 {[%clk 1:10:21]} 23. Bxe4 {[%clk 0:50:43]} Nc5
{[%clk 1:08:49]} 24. Qe3 {[%clk 0:48:50]} e5 {[%clk 1:03:35]} 25. Nc6
{[%clk 0:44:36]} Nxe4 {[%clk 1:04:00]} 26. Nxd8 {[%clk 0:44:50]} Qxc2
{[%clk 1:04:26]} 27. Qxe4 {[%clk 0:42:40]} Qxg2# 0-1

[Event "msr2018"]
[Site "?"]
[Date "2018.04.26"]
[Round "8.5"]
[White "Sandor, Martin"]
[Black "Holly, Andrej"]
[Result "1/2-1/2"]
[BlackElo "1942"]
[WhiteElo "1964"]
[LiveChessVersion "1.4.8"]

1. e4 {[%clk 1:30:56]} c5 {[%clk 1:30:53]} 2. Nf3 {[%clk 1:31:18]} d6
{[%clk 1:31:06]} 3. d4 {[%clk 1:31:35]} cxd4 {[%clk 1:31:31]} 4. Nxd4
{[%clk 1:32:01]} Nf6 {[%clk 1:31:31]} 5. f3 {[%clk 1:32:26]} g6 {[%clk 1:31:21]}
6. c4 {[%clk 1:32:48]} Bg7 {[%clk 1:30:42]} 7. Nc3 {[%clk 1:32:56]} O-O
{[%clk 1:28:52]} 8. Be3 {[%clk 1:32:12]} Nc6 {[%clk 1:28:38]} 9. Qd2
{[%clk 1:30:46]} Bd7 {[%clk 1:22:24]} 10. Be2 {[%clk 1:29:05]} a6
{[%clk 1:20:03]} 11. O-O {[%clk 1:28:01]} Rb8 {[%clk 1:14:56]} 12. Rac1
{[%clk 1:22:29]} Qa5 {[%clk 1:05:00]} 13. Rfd1 {[%clk 1:19:19]} Rfc8
{[%clk 1:01:47]} 14. a3 {[%clk 1:06:13]} 1/2-1/2

[Event "msr2018"]
[Site "?"]
[Date "2018.04.26"]
[Round "8.6"]
[White "Brnusak, Andrej"]
[Black "Varga, Lukas"]
[Result "0-1"]
[BlackElo "1962"]
[WhiteElo "1884"]
[LiveChessVersion "1.4.8"]

1. e4 {[%clk 1:30:57]} c5 {[%clk 1:30:08]} 2. Nc3 {[%clk 1:31:13]} Nc6
{[%clk 1:30:31]} 3. Bb5 {[%clk 1:30:43]} Nd4 {[%clk 1:27:22]} 4. Bc4
{[%clk 1:31:04]} Nf6 {[%clk 1:22:13]} 5. Nge2 {[%clk 1:31:01]} a6
{[%clk 1:19:48]} 6. a4 {[%clk 1:29:19]} e6 {[%clk 1:15:58]} 7. O-O
{[%clk 1:27:43]} d6 {[%clk 1:10:22]} 8. d3 {[%clk 1:25:19]} Nxe2+
{[%clk 1:08:46]} 9. Qxe2 {[%clk 1:25:14]} Be7 {[%clk 1:05:50]} 10. Bb3
{[%clk 1:21:57]} Bd7 {[%clk 1:05:29]} 11. f4 {[%clk 1:17:57]} Bc6
{[%clk 0:57:23]} 12. h3 {[%clk 1:13:14]} b5 {[%clk 0:56:12]} 13. Qf2
{[%clk 1:07:42]} b4 {[%clk 0:49:34]} 14. Ne2 {[%clk 1:05:57]} O-O
{[%clk 0:44:45]} 15. g4 {[%clk 1:00:00]} d5 {[%clk 0:40:20]} 16. e5
{[%clk 0:58:04]} Nd7 {[%clk 0:39:54]} 17. c4 {[%clk 0:53:31]} bxc3
{[%clk 0:35:23]} 18. bxc3 {[%clk 0:52:40]} c4 {[%clk 0:24:15]} 19. dxc4
{[%clk 0:43:52]} Nc5 {[%clk 0:23:20]} 20. Bc2 {[%clk 0:42:58]} dxc4
{[%clk 0:22:38]} 21. Nd4 {[%clk 0:40:17]} Bb7 {[%clk 0:21:02]} 22. Kh2
{[%clk 0:35:57]} Qd5 {[%clk 0:19:09]} 23. Qf3 {[%clk 0:30:20]} Nb3
{[%clk 0:18:00]} 24. Qxd5 {[%clk 0:27:13]} Bxd5 {[%clk 0:18:20]} 25. Nxb3
{[%clk 0:26:45]} cxb3 {[%clk 0:18:38]} 26. Bd3 {[%clk 0:25:11]} Rfc8
{[%clk 0:17:33]} 27. Bb2 {[%clk 0:23:41]} a5 {[%clk 0:13:18]} 28. Rfd1
{[%clk 0:16:51]} Rd8 {[%clk 0:08:00]} 29. Kg3 {[%clk 0:10:56]} Bc5
{[%clk 0:03:43]} 30. Rab1 {[%clk 0:07:47]} Bc6 {[%clk 0:02:26]} 31. Ra1
{[%clk 0:07:10]} Rd7 {[%clk 0:01:52]} 32. Bc4 {[%clk 0:04:54]} Rad8
{[%clk 0:01:41]} 33. Rxd7 {[%clk 0:02:09]} Rxd7 {[%clk 0:02:03]} 34. Bb5
{[%clk 0:00:47]} Bxb5 {[%clk 0:01:36]} 35. axb5 {[%clk 0:00:59]} Rd3+
{[%clk 0:01:57]} 36. Kg2 {[%clk 0:00:57]} Rd2+ {[%clk 0:02:20]} 37. Kf3
{[%clk 0:01:13]} Rxb2 {[%clk 0:02:45]} 38. Rxa5 {[%clk 0:01:35]} Ra2
{[%clk 0:03:05]} 0-1

[Event "msr2018"]
[Site "?"]
[Date "2018.04.26"]
[Round "8.7"]
[White "Bielik, Jakub"]
[Black "Stauder, Matej"]
[Result "1-0"]
[BlackElo "1881"]
[WhiteElo "1939"]
[LiveChessVersion "1.4.8"]

1. e4 {[%clk 1:30:56]} c5 {[%clk 1:30:54]} 2. Nf3 {[%clk 1:31:21]} e6
{[%clk 1:31:13]} 3. g3 {[%clk 1:31:46]} d5 {[%clk 1:30:47]} 4. exd5
{[%clk 1:31:31]} exd5 {[%clk 1:31:04]} 5. d4 {[%clk 1:31:46]} Nf6
{[%clk 1:30:24]} 6. Bg2 {[%clk 1:31:06]} Be7 {[%clk 1:28:28]} 7. O-O
{[%clk 1:31:20]} O-O {[%clk 1:28:50]} 8. dxc5 {[%clk 1:26:06]} Bxc5
{[%clk 1:29:03]} 9. Nbd2 {[%clk 1:24:54]} Nc6 {[%clk 1:27:43]} 10. Nb3
{[%clk 1:24:32]} Bb6 {[%clk 1:26:52]} 11. c3 {[%clk 1:23:58]} Re8
{[%clk 1:25:09]} 12. Bg5 {[%clk 1:23:31]} Be6 {[%clk 1:20:46]} 13. Nbd4
{[%clk 1:14:45]} Nxd4 {[%clk 1:15:44]} 14. Nxd4 {[%clk 1:14:51]} h6
{[%clk 1:13:47]} 15. Bf4 {[%clk 1:13:12]} Bg4 {[%clk 1:11:49]} 16. f3
{[%clk 1:03:15]} Bf5 {[%clk 1:08:33]} 17. Re1 {[%clk 1:02:41]} Rxe1+
{[%clk 1:07:48]} 18. Qxe1 {[%clk 1:03:02]} Bxd4+ {[%clk 1:08:00]} 19. cxd4
{[%clk 1:03:26]} Qb6 {[%clk 1:07:58]} 20. Qf2 {[%clk 0:59:39]} Rc8
{[%clk 1:07:57]} 21. Rc1 {[%clk 0:59:47]} Rc4 {[%clk 0:52:05]} 22. Be3
{[%clk 0:55:16]} a6 {[%clk 0:42:46]} 23. Bf1 {[%clk 0:55:31]} Rxc1
{[%clk 0:42:00]} 24. Bxc1 {[%clk 0:55:55]} Qc6 {[%clk 0:39:31]} 25. Qd2
{[%clk 0:54:52]} Ne8 {[%clk 0:36:05]} 26. b3 {[%clk 0:52:31]} Nc7
{[%clk 0:31:39]} 27. g4 {[%clk 0:41:39]} Bd7 {[%clk 0:28:55]} 28. Bd3
{[%clk 0:40:33]} Qf6 {[%clk 0:27:44]} 29. Kg2 {[%clk 0:40:06]} Ne6
{[%clk 0:24:53]} 30. Bb1 {[%clk 0:25:41]} Qxd4 {[%clk 0:17:45]} 31. Qxd4
{[%clk 0:25:58]} Nxd4 {[%clk 0:18:08]} 32. Bb2 {[%clk 0:26:16]} Ne6
{[%clk 0:18:12]} 33. Kg3 {[%clk 0:25:59]} Bb5 {[%clk 0:17:12]} 34. f4
{[%clk 0:26:00]} Nc5 {[%clk 0:11:12]} 35. a4 {[%clk 0:23:43]} Bd3
{[%clk 0:09:43]} 36. Ba2 {[%clk 0:18:30]} Bc2 {[%clk 0:08:36]} 37. b4
{[%clk 0:16:58]} Nd3 {[%clk 0:06:42]} 38. Ba3 {[%clk 0:14:44]} Bxa4
{[%clk 0:06:28]} 39. Bxd5 {[%clk 0:14:39]} Bc6 {[%clk 0:02:30]} 40. Bb3
{[%clk 0:08:55]} g5 {[%clk 0:01:01]} 41. fxg5 {[%clk 0:08:54]} hxg5
{[%clk 0:01:24]} 42. h4 {[%clk 0:08:06]} gxh4+ {[%clk 0:25:29]} 43. Kxh4
{[%clk 0:39:21]} Ne5 {[%clk 0:23:44]} 44. Bb2 {[%clk 0:38:32]} Nd7
{[%clk 0:19:07]} 45. Bd4 {[%clk 0:38:00]} Be4 {[%clk 0:17:15]} 46. Kg5
{[%clk 0:37:02]} Kf8 {[%clk 0:12:23]} 47. Kf4 {[%clk 0:36:48]} Bc6
{[%clk 0:10:00]} 48. Kf5 {[%clk 0:36:22]} Ke7 {[%clk 0:09:52]} 49. g5
{[%clk 0:36:25]} b5 {[%clk 0:08:51]} 50. Kg4 {[%clk 0:35:16]} Be4
{[%clk 0:08:46]} 51. Kh5 {[%clk 0:34:50]} Nb8 {[%clk 0:06:22]} 52. Kh6
{[%clk 0:34:06]} Nc6 {[%clk 0:06:34]} 53. Bc5+ {[%clk 0:34:12]} Ke8
{[%clk 0:06:58]} 54. Kg7 {[%clk 0:34:16]} Nd8 {[%clk 0:04:20]} 55. Kf6
{[%clk 0:33:00]} Bg6 {[%clk 0:04:02]} 56. Bd5 {[%clk 0:33:06]} Kd7
{[%clk 0:03:56]} 57. Be7 {[%clk 0:31:09]} Nc6 {[%clk 0:03:28]} 58. Bc5
{[%clk 0:31:10]} Nd8 {[%clk 0:03:12]} 59. Bb6 {[%clk 0:29:55]} Nc6
{[%clk 0:01:06]} 60. Bxf7 {[%clk 0:28:12]} Be4 {[%clk 0:01:03]} 61. Bc5
{[%clk 0:27:59]} a5 {[%clk 0:01:21]} 62. bxa5 {[%clk 0:27:15]} Nxa5
{[%clk 0:01:47]} 63. Bg6 {[%clk 0:26:42]} Bd5 {[%clk 0:02:08]} 64. Bf5+
{[%clk 0:26:58]} Ke8 {[%clk 0:01:50]} 65. g6 {[%clk 0:27:22]} Nb7
{[%clk 0:01:38]} 66. Be7 {[%clk 0:26:03]} Na5 {[%clk 0:00:42]} 67. Bd3
{[%clk 0:23:22]} Nc4 {[%clk 0:00:53]} 68. g7 {[%clk 0:23:17]} Bg8
{[%clk 0:01:14]} 69. Be4 {[%clk 0:20:08]} Kd7 {[%clk 0:01:33]} 70. Bf5+
{[%clk 0:20:11]} Ke8 {[%clk 0:00:46]} 71. Be6 {[%clk 0:18:41]} Bh7
{[%clk 0:01:09]} 72. Bd5 {[%clk 0:18:24]} Kd7 {[%clk 0:01:02]} 73. Bb4
{[%clk 0:17:45]} Ne3 {[%clk 0:01:09]} 74. Be6+ {[%clk 0:15:21]} Ke8
{[%clk 0:01:30]} 75. Kg5 {[%clk 0:14:28]} Nc2 {[%clk 0:00:58]} 76. Kh6
{[%clk 0:14:14]} 1-0

[Event "msr2018"]
[Site "?"]
[Date "2018.04.26"]
[Round "8.8"]
[White "Matis, Tibor"]
[Black "Verbovsky, Michal"]
[Result "0-1"]
[BlackElo "1924"]
[WhiteElo "1884"]
[LiveChessVersion "1.4.8"]

1. e4 {[%clk 1:30:54]} c5 {[%clk 1:30:35]} 2. Nf3 {[%clk 1:31:16]} Nc6
{[%clk 1:30:46]} 3. d4 {[%clk 1:31:39]} cxd4 {[%clk 1:30:57]} 4. Nxd4
{[%clk 1:32:02]} g6 {[%clk 1:31:06]} 5. Be3 {[%clk 1:31:33]} Bg7 {[%clk 1:31:09]}
6. Be2 {[%clk 1:29:07]} Nf6 {[%clk 1:31:06]} 7. Nc3 {[%clk 1:29:31]} Qa5
{[%clk 1:23:38]} 8. Nb3 {[%clk 1:25:16]} Qd8 {[%clk 1:19:11]} 9. O-O
{[%clk 1:25:13]} O-O {[%clk 1:19:33]} 10. Qd2 {[%clk 1:17:19]} d6
{[%clk 1:16:49]} 11. h3 {[%clk 1:16:08]} Bd7 {[%clk 1:15:49]} 12. Bh6
{[%clk 1:14:18]} Rc8 {[%clk 1:15:26]} 13. Bxg7 {[%clk 1:14:43]} Kxg7
{[%clk 1:15:50]} 14. f4 {[%clk 1:15:07]} Na5 {[%clk 1:13:53]} 15. e5
{[%clk 1:09:47]} Ne8 {[%clk 1:07:07]} 16. Nxa5 {[%clk 0:52:31]} Qxa5
{[%clk 1:07:07]} 17. Kh1 {[%clk 0:51:54]} Bc6 {[%clk 1:05:27]} 18. Qe3
{[%clk 0:42:44]} dxe5 {[%clk 1:00:33]} 19. fxe5 {[%clk 0:42:15]} Qb6
{[%clk 0:58:39]} 20. Qxb6 {[%clk 0:36:48]} axb6 {[%clk 0:59:03]} 21. Rad1
{[%clk 0:35:50]} Nc7 {[%clk 0:57:32]} 22. Bc4 {[%clk 0:31:51]} Na6
{[%clk 0:53:26]} 23. Rf4 {[%clk 0:25:41]} e6 {[%clk 0:51:07]} 24. Rfd4
{[%clk 0:21:38]} Rc7 {[%clk 0:48:31]} 25. Kg1 {[%clk 0:19:53]} Rfc8
{[%clk 0:46:44]} 26. Bb3 {[%clk 0:15:16]} Nc5 {[%clk 0:45:34]} 27. Kf2
{[%clk 0:12:15]} Nd7 {[%clk 0:42:52]} 28. Re1 {[%clk 0:12:32]} Ra8
{[%clk 0:42:36]} 29. Rd3 {[%clk 0:06:17]} Ra5 {[%clk 0:40:33]} 30. Rde3
{[%clk 0:06:42]} b5 {[%clk 0:40:17]} 31. g4 {[%clk 0:05:26]} b4 {[%clk 0:37:04]}
32. Nb1 {[%clk 0:04:44]} Bd5 {[%clk 0:37:03]} 33. c3 {[%clk 0:03:12]} Bxb3
{[%clk 0:36:15]} 34. axb3 {[%clk 0:03:38]} Ra2 {[%clk 0:36:28]} 35. R1e2
{[%clk 0:03:49]} Rc5 {[%clk 0:22:32]} 36. Kf3 {[%clk 0:02:30]} bxc3
{[%clk 0:12:50]} 37. Nxc3 {[%clk 0:02:33]} Ra1 {[%clk 0:11:26]} 38. Re4
{[%clk 0:01:51]} h5 {[%clk 0:09:30]} 39. g5 {[%clk 0:01:03]} Rf1+
{[%clk 0:09:49]} 40. Kg2 {[%clk 0:01:13]} Rf5 {[%clk 0:09:55]} 41. h4
{[%clk 0:01:28]} Rcxe5 {[%clk 0:08:43]} 42. Rd2 {[%clk 0:28:33]} Rxe4
{[%clk 0:34:24]} 43. Nxe4 {[%clk 0:28:56]} Rf4 {[%clk 0:26:25]} 44. Nd6
{[%clk 0:25:53]} Nc5 {[%clk 0:24:18]} 45. Rc2 {[%clk 0:25:16]} Ne4
{[%clk 0:22:58]} 46. Nxb7 {[%clk 0:23:57]} Rxh4 {[%clk 0:22:38]} 47. Nd8
{[%clk 0:21:57]} Rg4+ {[%clk 0:22:33]} 48. Kh2 {[%clk 0:22:07]} Nxg5
{[%clk 0:22:50]} 49. Nc6 {[%clk 0:19:39]} Nf3+ {[%clk 0:20:50]} 50. Kh3
{[%clk 0:19:56]} Nd4 {[%clk 0:20:42]} 51. Nxd4 {[%clk 0:19:45]} Rxd4
{[%clk 0:21:02]} 52. Rc3 {[%clk 0:20:10]} g5 {[%clk 0:21:22]} 0-1

[Event "msr2018"]
[Site "?"]
[Date "2018.04.26"]
[Round "8.9"]
[White "Turcan, Richard"]
[Black "Popovic, Martin"]
[Result "1-0"]
[BlackElo "1897"]
[WhiteElo "2171"]
[LiveChessVersion "1.4.8"]

1. e4 {[%clk 1:30:26]} c5 {[%clk 1:30:51]} 2. Nc3 {[%clk 1:30:39]} e6
{[%clk 1:31:14]} 3. Nf3 {[%clk 1:29:21]} Nc6 {[%clk 1:29:25]} 4. d4
{[%clk 1:29:06]} cxd4 {[%clk 1:29:47]} 5. Nxd4 {[%clk 1:29:32]} Nf6
{[%clk 1:27:37]} 6. Ndb5 {[%clk 1:28:37]} d6 {[%clk 1:27:46]} 7. Bf4
{[%clk 1:28:34]} e5 {[%clk 1:27:07]} 8. Bg5 {[%clk 1:28:48]} a6 {[%clk 1:26:52]}
9. Na3 {[%clk 1:29:05]} b5 {[%clk 1:26:47]} 10. Nd5 {[%clk 1:28:37]} Be7
{[%clk 1:26:58]} 11. Bxf6 {[%clk 1:29:00]} Bxf6 {[%clk 1:27:19]} 12. c3
{[%clk 1:29:02]} Ne7 {[%clk 1:26:20]} 13. Nxe7 {[%clk 1:28:04]} Bxe7
{[%clk 1:24:53]} 14. Nc2 {[%clk 1:15:56]} Bb7 {[%clk 1:20:15]} 15. Bd3
{[%clk 1:13:39]} d5 {[%clk 1:14:58]} 16. exd5 {[%clk 1:08:14]} Bxd5
{[%clk 1:14:15]} 17. Ne3 {[%clk 1:08:07]} Be6 {[%clk 1:11:03]} 18. Be4
{[%clk 1:03:46]} Qxd1+ {[%clk 1:06:29]} 19. Rxd1 {[%clk 1:03:48]} Rd8
{[%clk 1:04:26]} 20. Bc6+ {[%clk 0:59:33]} Kf8 {[%clk 1:04:55]} 21. O-O
{[%clk 0:58:51]} g6 {[%clk 1:01:36]} 22. Rxd8+ {[%clk 0:44:35]} Bxd8
{[%clk 1:02:04]} 23. Bb7 {[%clk 0:44:01]} a5 {[%clk 0:55:49]} 24. Bc6
{[%clk 0:43:03]} b4 {[%clk 0:52:06]} 25. c4 {[%clk 0:38:34]} Bb6 {[%clk 0:47:35]}
26. b3 {[%clk 0:36:18]} Ke7 {[%clk 0:44:43]} 27. Rd1 {[%clk 0:24:47]} Bd4
{[%clk 0:41:11]} 28. Bd5 {[%clk 0:18:32]} Rd8 {[%clk 0:36:21]} 29. Bxe6
{[%clk 0:18:23]} fxe6 {[%clk 0:36:36]} 30. Kf1 {[%clk 0:17:39]} Ra8
{[%clk 0:28:39]} 31. Nc2 {[%clk 0:17:49]} Bc5 {[%clk 0:27:34]} 32. Ne1
{[%clk 0:12:33]} Bd4 {[%clk 0:12:38]} 33. Nd3 {[%clk 0:10:19]} e4
{[%clk 0:07:41]} 34. Nxb4 {[%clk 0:10:12]} axb4 {[%clk 0:08:10]} 35. Rxd4
{[%clk 0:10:35]} Rxa2 {[%clk 0:08:23]} 36. Rxe4 {[%clk 0:10:46]} Kd6
{[%clk 0:08:15]} 37. g3 {[%clk 0:10:29]} Rb2 {[%clk 0:06:52]} 38. Re3
{[%clk 0:10:51]} Kc5 {[%clk 0:06:54]} 39. Rd3 {[%clk 0:07:45]} Rc2
{[%clk 0:06:15]} 40. g4 {[%clk 0:04:42]} Rc3 {[%clk 0:05:47]} 41. Ke2
{[%clk 0:03:41]} Rc2+ {[%clk 0:02:08]} 42. Ke3 {[%clk 0:03:31]} Rc1
{[%clk 0:02:31]} 43. Ke4 {[%clk 0:03:14]} Re1+ {[%clk 0:30:46]} 44. Re3
{[%clk 0:34:31]} Rh1 {[%clk 0:30:39]} 45. h3 {[%clk 0:34:16]} Rf1
{[%clk 0:29:35]} 46. f4 {[%clk 0:32:35]} 1-0